1143 1392 1984 1355 1457 1880 1304 1630 1964 1916 1192 1744 1253 1119 1364 1774 1394 1150 1377 1461 1121 1022 1514 1459 1573 1677 1493 1661 1277 1715 1558 1148 1654 1329 1805 1864 1131 1351 1539 1123 1184 1877 1219 1423 1318 1137 1626 1829 1586 1310 1949 1315 1060 1725 1476 1711 1648 1338 1125 1363 1900 1319 1788 1806 1306 1763 1290 1335 1745 1951 1908 1883 1248 1422 1983 1816 1287 1407 1283 1448 1328 1845 1289 1970 1239 1256 1580 1703 1359 1201 1911 1224 1152 1272 1845 1025 1931 1792 1049 BCNSPRNW ULIB Ver.6.0+V

เปลี่ยนเป็นภาษาไทย

Change to English
 แสดงรายละเอียดบรรณานุกรม
  กลับหน้าหลัก

Brief Record : Get Marc (ISO 2709) : E-mail record : QR code < ปิดหน้าต่าง
LEADER : 00000nam 2200000uu 4500
001    13399122619
003     ULIB
008    130819s2011||||th 000 0 eng d
020    ^a9781609137854
060  4 ^aQS17^bR737C
100 1  ^aRohen, Johannes W
245 10 ^aColor atlas of anatomy :^bA photographic study of thehuman body /^cJohannes W. Rohen, Chihiro Yokochi, Elke Lutjen-Drecoll
250    ^a7th ed
260    ^aPhiladelphia :^bLippincott Williams & Wilkins,^c2011
300    ^axii, 532 p. :^bill
650  0 ^aHuman anatomy^vatlases
650  2 ^aAnatomy^vatlases
700 1  ^aYokochi, Chihiro
700 1  ^aLutjen-Drecoll, Elke
945    ^p0^l0^i20071
999    ^aทศพร เกษรทอง
รายการนี้ยังไม่มีแท็ก
คุณยังไม่ได้ล็อกอิน คุณสามารถมีกิจกรรมร่วมกับเว็บไซต์ได้ แต่ต้องล็อกอินก่อน ::
  ล็อกอิน

รายการสื่อสารสนเทศ

ลำดับที่ ประเภท เลขเรียก/บาร์โค้ด สถานที่ สถานะ
1. วิทยาศาสตร์การแพทย์ และสุขภาพ
วิทยาศาสตร์การแพทย์ และสุขภาพ
QS17 R737C C.1 
  Barcode: 20071
ห้องสมุดวิทยาเขตสวรรค์ประชารักษ์
►หนังสือทั่วไป
บนชั้น

รายการใกล้เคียง
    ผู้แต่ง [Rohen, Johannes W]

    หัวเรื่อง [Anatomy atlases]

BibComment


ยังไม่เคยถูกคอมเมนท์

คอมเมนท์ทรัพยากรรายการนี้
  คอมเมนท์: Color atlas of a..


 Copyright 2026. Bcnsprnw @Library